00487nam a2200193 a 4500001001300000003000900013005001700022008004100039020001000080082001500090100001900105245001600124260004100140300000800181500003500189505002700224650002300251700001900274nice12345678IN_TiNIC20260116011352.0050524s1920 azaa grp 000 0 urd  ac10000a297.4bNOM aNomani, Shibli aIlmul Kalam aAzam Garh (U.P) bMaarif Pressc1920 a00p aincludes index and biblioraphy2 aPlus Some Other Tracts aPhilosophy-Islamic1 aNomani, Shibli